000 00791nam a2200265#a 4500
001 02112
003 HDC
007 ta
008 230623s2010 xx 000 0 eng d
040 _aHDC
050 _aK3626
_b.G85 2010
245 0 _aGuide to nutrition labelling and claims :
_b[as at December 2010].
264 _aMalaysia :
_bBahagian Keselamatan & Kualiti Makanan, Kementerian Kesihatan Malaysia,
_c2010.
300 _a 44p. ;
_b ill. ;
_c 21cm.
650 _aFood industry and trade.
650 _aFood law and legislation.
650 _aFood
_xLabeling.
650 _aFood
_xStandards.
710 _aMalaysia.
_b Kementerian Kesihatan.
710 _b Bahagian Keselamatan dan Kualiti Makanan.
942 _2lcc
942 _cBK
942 _kK3626
942 _m.G85 2010
999 _c23672
_d23672